<?xml version="1.0" encoding="UTF-8"?>
<record
    xmlns:xsi="http://www.w3.org/2001/XMLSchema-instance"
    xsi:schemaLocation="http://www.loc.gov/MARC21/slim http://www.loc.gov/standards/marcxml/schema/MARC21slim.xsd"
    xmlns="http://www.loc.gov/MARC21/slim">

  <leader>00905nab a2200265   4500</leader>
  <controlfield tag="003">BR-BrBNA</controlfield>
  <controlfield tag="005">20240610134809.0</controlfield>
  <controlfield tag="008">240610b        bl.||||| |||| 00| 0 por d</controlfield>
  <datafield tag="040" ind1=" " ind2=" ">
    <subfield code="a">BR-BrBNA</subfield>
    <subfield code="b">por</subfield>
  </datafield>
  <datafield tag="072" ind1=" " ind2=" ">
    <subfield code="a">F01 ; E71 ; H01</subfield>
  </datafield>
  <datafield tag="110" ind1=" " ind2=" ">
    <subfield code="a">Grupo T&#xE9;cnico de Assist&#xEA;ncia e Consultoria em Citrus, Bebedouro, SP (Brasil)</subfield>
  </datafield>
  <datafield tag="245" ind1=" " ind2=" ">
    <subfield code="a">Uruguai: citricultura para exporta&#xE7;&#xE3;o</subfield>
    <subfield code="b">Visita</subfield>
  </datafield>
  <datafield tag="500" ind1=" " ind2=" ">
    <subfield code="a">13 illus.</subfield>
  </datafield>
  <datafield tag="650" ind1=" " ind2=" ">
    <subfield code="a">CITRICULTURA</subfield>
  </datafield>
  <datafield tag="650" ind1=" " ind2=" ">
    <subfield code="a">PRODU&#xC7;&#xC3;O</subfield>
  </datafield>
  <datafield tag="650" ind1=" " ind2=" ">
    <subfield code="a">PESQUISA</subfield>
  </datafield>
  <datafield tag="650" ind1=" " ind2=" ">
    <subfield code="a">DOEN&#xC7;A DE PLANTA</subfield>
  </datafield>
  <datafield tag="650" ind1=" " ind2=" ">
    <subfield code="a">PRAGA DE PLANTA</subfield>
  </datafield>
  <datafield tag="650" ind1=" " ind2=" ">
    <subfield code="a">CONTROLE QU&#xCD;MICO</subfield>
  </datafield>
  <datafield tag="650" ind1=" " ind2=" ">
    <subfield code="a">EXPORTA&#xC7;&#xC3;O</subfield>
  </datafield>
  <datafield tag="650" ind1=" " ind2=" ">
    <subfield code="a">URUGUAI</subfield>
  </datafield>
  <datafield tag="773" ind1="0" ind2=" ">
    <subfield code="0">4769</subfield>
    <subfield code="9">314624</subfield>
    <subfield code="d">Bebedouro - SP Grupo T&#xE9;cnico de Assist&#xEA;ncia e Consultoria em Citrus 2001</subfield>
    <subfield code="o">2024-0876</subfield>
    <subfield code="t">Ci&#xEA;ncia e Pratica (Brazil)</subfield>
    <subfield code="g">v. 5(17) p. 14-20; (Apr-Jun 2005)</subfield>
    <subfield code="w">BR2024001542</subfield>
  </datafield>
  <datafield tag="942" ind1=" " ind2=" ">
    <subfield code="c">Anal&#xED;tica</subfield>
  </datafield>
  <datafield tag="999" ind1=" " ind2=" ">
    <subfield code="c">299984</subfield>
    <subfield code="d">299984</subfield>
  </datafield>
</record>
